ბათუმის შოთა რუსთაველის სახელმწიფო უნივერსიტეტის ბიბლიოთეკა

სწავლების მეთოდები, სტრატეგიები, პედაგოგიური ტექნოლოგიები და ცოდნის შემოწმება-შეფასების საკითხები : (ბიბ.ჩანაწერი № 53370)

000 -ლიდერი
ფიქსირებული სიგრძის საკონტროლო ველი 02488nam a2200289Ia 4500
001 - საკონტროლო ნომერი
საკონტროლო ველი 20413
003 - საკონტროლო ნომრის იდენტიფიკატორი
საკონტროლო ველი GE_BSU
005 - ბოლო ოპერაციის თარიღი და დრო
საკონტროლო ველი 20220301122407.0
008 - ფიქსირებული სიგრძის მონაცემთა ელემენტები - ზოგადი ინფორმაცია
ფიქსირებული სიგრძის საკონტროლო ველი 181216s2016||||ge |||||||||||||| ||geo||
020 ## - წიგნის საერთაშორისო სტანდარტული ნომერი
International Standard Book Number 9789941459023
040 ## - კატალოგიზაციის წყარო
Transcribing agency GE_BSU
041 ## - ენის კოდი
Language code of text/sound track or separate title geo
080 ## - უნივერსალური ათობითი კლასიფიკაციის ინდექსი
Universal Decimal Classification number 37.02+371.3 ს-98
245 ## - ცნობა სათაურის შესახებ
Title სწავლების მეთოდები, სტრატეგიები, პედაგოგიური ტექნოლოგიები და ცოდნის შემოწმება-შეფასების საკითხები :
Remainder of title სახელმძღვანელო /
Statement of responsibility, etc იმერი ბასილაძე, ნინო ჭოხონელიძე, ნინო კოსტავა, ნატო ქობულაძე; რედაქტორი: თამარ მამარდაშვილი; აკაკი წერეთლის სახელმწიფო უნივერსიტეტი, პედაგოგიური ფაკულტეტი, პედაგოგიკის დეპარტამენტი.
264 ## - წარმოების, გამოცემის, დისტრიბუციის და სხვა ცნობები
გამოცემის, წარმოების, დისტრიბუციის... ადგილი ქუთაისი :
გამოცემის, წარმოების, დისტრიბუციის... თარიღი 2016.
გამოცემის, წარმოების, დისტრიბუციის... სახელწოდება აკაკი წერეთლის სახელმწ. უნ-ტის გამ-ბა,
300 ## - ფიზიკური აღწერა
Extent 490 გვ. ;
Other physical details 29 სმ.
500 ## - ზოგადი შენიშვნა
General note თავფურ. მე-3 გვერდი და რეზიუმე ინგლ. ენაზე. წიგნი დაიბეჭდა და გამოიცა აკაკი წერეთლის სახელმწ. უნ-ტის ფინანსური მხარდაჭერით.
504 ## - BIBLIOGRAPHY, ETC. NOTE
Bibliography, etc ბიბლიოგრ.: გვ. 476-479.
520 ## - SUMMARY, ETC.
Summary, etc თავფურ. მე-3 გვერდი და რეზიუმე ინგლ. ენაზე.წიგნი დაიბეჭდა და გამოიცა აკაკი წერეთლის სახელმწ. უნ-ტის ფინანსური მხარდაჭერით.
653 ## - INDEX TERM--UNCONTROLLED
Uncontrolled term პედაგოგიკა
653 ## - INDEX TERM--UNCONTROLLED
Uncontrolled term სწავლების მეთოდები
700 ## - ADDED ENTRY--PERSONAL NAME
Relator code ბასილაძე, იმერი
Relator term ავტორი
9 (RLIN) 8934
700 ## - ADDED ENTRY--PERSONAL NAME
Personal name კოსტავა, ნინო
9 (RLIN) 8935
700 ## - ADDED ENTRY--PERSONAL NAME
Personal name ჭოხონელიძე, ნინო
Relator term ავტორი
9 (RLIN) 4922
700 ## - ADDED ENTRY--PERSONAL NAME
Personal name ქობულაძე, ნატო
Relator term ავტორი
9 (RLIN) 2757
942 ## - ADDED ENTRY ELEMENTS (KOHA)
Koha item type წიგნი
Source of classification or shelving scheme
ეგზემპლარები
ჩამოწერის სტატუსი დაკარგული ეგზემპლარის სტატუსი კლასიფიკაციის წყარო ან თაროზე გაწყობის სქემა დაზიანების სტატუსი არ გაიცემა მუდმივი მდებარეობა (დაცვის ადგილი) ამჟამინდელი ადგილსამყოფელი თაროზე განთავსების ადგილი შეძენის თარიღი სრული შენახვის შიფრი შტრიხკოდი ბოლო ოპერაციის თარიღი ეგზემპლარის მიმდევრობითი ნომერი (კეტერი?) ფასის ძალაში შესვლის თარიღი ეგზემპლარის სახეობა
          ბათუმის შოთა რუსთაველის სახელმწიფო უნივერსიტეტის მთავარი ბიბლიოთეკა ბათუმის შოთა რუსთაველის სახელმწიფო უნივერსიტეტის მთავარი ბიბლიოთეკა წიგნსაცავი 2018-12-17 37.02+371.3 ს-98 53385 2018-12-17 53385 2018-12-17 წიგნი